[Event "PCR_ZK03"]
[Site "?"]
[Date "2008.??.??"]
[Round "?"]
[White "Pressl, Ladislav"]
[Black "Lucan, Zdenko"]
[Result "1-0"]
[WhiteElo "1901"]
[BlackElo "1575"]
[PlyCount "23"]
[EventDate "2008.??.??"]
[EventType "corr"]
[EventRounds "2"]

1. e4 Nc6 2. d4 d5 3. e5 Bf5 4. Bb5 e6 5. c3 f6 6. exf6 Qxf6 7. Qa4 Kd7 8. Nf3
h6 9. Ne5+ Ke7 10. Bxc6 bxc6 11. Qxc6 Qxe5+ 12. dxe5 1-0

[Event "PCR_ZK03"]
[Site "?"]
[Date "2008.??.??"]
[Round "?"]
[White "Pressl, Ladislav"]
[Black "Benes, Jiri"]
[Result "0-1"]
[WhiteElo "1901"]
[BlackElo "1982"]
[PlyCount "22"]
[EventDate "2008.??.??"]
[EventType "corr"]
[EventRounds "2"]

1. d4 d5 2. c4 e6 3. Nf3 c6 4. Nc3 Nf6 5. Bg5 dxc4 6. e4 b5 7. e5 h6 8. Bh4 g5
9. Bg3 Nh5 10. Be2 Be7 11. Nxb5 cxb5 0-1

[Event "PCR_ZK03"]
[Site "?"]
[Date "2008.??.??"]
[Round "?"]
[White "Svoboda, Josef"]
[Black "Vins, Karel"]
[Result "1-0"]
[WhiteElo "1917"]
[BlackElo "1654"]
[PlyCount "33"]
[EventDate "2008.??.??"]
[EventType "corr"]
[EventRounds "2"]

1. f4 d5 2. e3 e6 3. Nf3 c5 4. Nc3 Nc6 5. Bb5 Qc7 6. O-O Bd7 7. f5 a6 8. Bxc6
Qxc6 9. Ne5 Qc7 10. Nxd7 Qxd7 11. fxe6 Qxe6 12. d4 Nf6 13. Ne2 c4 14. Nf4 Qc6
15. Nh5 Nxh5 16. Qxh5 g6 17. Qe5+ 1-0

[Event "PCR_ZK03"]
[Site "?"]
[Date "2008.??.??"]
[Round "?"]
[White "Benes, Jiri"]
[Black "Vins, Karel"]
[Result "1-0"]
[WhiteElo "1982"]
[BlackElo "1654"]
[PlyCount "35"]
[EventDate "2008.??.??"]
[EventType "corr"]
[EventRounds "2"]

1. c4 c5 2. Nf3 Nc6 3. Nc3 d5 4. cxd5 Nb4 5. e4 Bd7 6. a3 Na6 7. Bc4 e6 8. Ne5
Nc7 9. dxe6 Bxe6 10. Bxe6 fxe6 11. Qa4+ Ke7 12. d4 Qe8 13. Bg5+ Nf6 14. Qb3 Qc8
15. dxc5 Rb8 16. Qc4 Qe8 17. O-O-O Rd8 18. c6 1-0

[Event "PCR_ZK03"]
[Site "?"]
[Date "2008.??.??"]
[Round "?"]
[White "Stepan, Josef"]
[Black "Benes, Jiri"]
[Result "0-1"]
[WhiteElo "1600"]
[BlackElo "1982"]
[PlyCount "34"]
[EventDate "2008.??.??"]
[EventType "corr"]
[EventRounds "2"]

1. d4 Nf6 2. c4 e6 3. Nf3 d5 4. Nc3 c6 5. e3 Nbd7 6. Bd3 Bd6 7. Qc2 dxc4 8.
Bxc4 O-O 9. e4 e5 10. d5 Nb6 11. Bd3 cxd5 12. exd5 e4 13. Ng5 Bf5 14. O-O h6
15. Ngxe4 Nxe4 16. Nxe4 Qh4 17. f3 Bxh2+ 0-1

[Event "PCR_ZK03"]
[Site "?"]
[Date "2008.??.??"]
[Round "?"]
[White "Stepan, Josef"]
[Black "Pressl, Ladislav"]
[Result "1-0"]
[WhiteElo "1600"]
[BlackElo "1901"]
[PlyCount "47"]
[EventDate "2008.??.??"]
[EventType "corr"]
[EventRounds "2"]

1. d4 Nf6 2. Nc3 g6 3. e4 d6 4. Bg5 Bg7 5. Nf3 Bg4 6. Be2 Nbd7 7. h3 Bxf3 8.
Bxf3 e5 9. d5 h6 10. Be3 O-O 11. Qd2 Kh7 12. O-O-O Re8 13. g4 Nb6 14. h4 Nc4
15. Qe2 Nxe3 16. Qxe3 Nd7 17. g5 h5 18. Qe2 Nc5 19. Bxh5 gxh5 20. Qxh5+ Kg8 21.
Rdg1 Qe7 22. f3 Rf8 23. Ne2 c6 24. Ng3 1-0

[Event "PCR_ZK03"]
[Site "?"]
[Date "2008.??.??"]
[Round "?"]
[White "Vins, Karel"]
[Black "Benes, Jiri"]
[Result "0-1"]
[WhiteElo "1654"]
[BlackElo "1982"]
[PlyCount "42"]
[EventDate "2008.??.??"]
[EventType "corr"]
[EventRounds "2"]

1. e4 g6 2. d4 Bg7 3. c4 c5 4. d5 d6 5. Qc2 Na6 6. Bd2 f5 7. Bd3 Qb6 8. Bc3 Nb4
9. Bxb4 Qxb4+ 10. Nc3 fxe4 11. Bxe4 Qxc4 12. Nge2 Nf6 13. f3 Nxe4 14. fxe4 O-O
15. h3 b5 16. Rc1 b4 17. b3 Bxc3+ 18. Nxc3 Qd4 19. Nd1 Rf4 20. Nf2 Qe3+ 21. Kf1
Rxf2+ 0-1

[Event "PCR_ZK03"]
[Site "?"]
[Date "2008.??.??"]
[Round "?"]
[White "Vins, Karel"]
[Black "Stepan, Josef"]
[Result "1-0"]
[WhiteElo "1654"]
[BlackElo "1600"]
[PlyCount "61"]
[EventDate "2008.??.??"]
[EventType "corr"]
[EventRounds "2"]

1. e4 e6 2. d4 d5 3. Nd2 c5 4. exd5 exd5 5. Ngf3 Nc6 6. Bb5 Bd6 7. dxc5 Bxc5 8.
O-O Nge7 9. Nb3 Bd6 10. Re1 O-O 11. Bg5 Bg4 12. h3 Bxf3 13. Qxf3 a6 14. Bd3 f6
15. Bd2 Ne5 16. Qe2 Nxd3 17. Qxd3 Be5 18. c3 Qc7 19. Nd4 Rad8 20. Ne6 Qc4 21.
Qxc4 dxc4 22. Nxd8 Rxd8 23. Be3 Nf5 24. Kf1 Kf7 25. Rad1 Rxd1 26. Rxd1 Nxe3+
27. fxe3 Ke7 28. Ke2 b5 29. a3 Ke8 30. g4 a5 31. Rd5 1-0

[Event "PCR_ZK03"]
[Site "?"]
[Date "2008.??.??"]
[Round "?"]
[White "Stepan, Josef"]
[Black "Vins, Karel"]
[Result "0-1"]
[WhiteElo "1600"]
[BlackElo "1654"]
[PlyCount "56"]
[EventDate "2008.??.??"]
[EventType "corr"]
[EventRounds "2"]

1. d4 d5 2. c4 c6 3. Nf3 Nf6 4. Nc3 dxc4 5. a4 Bf5 6. e3 e6 7. Bxc4 Nbd7 8. O-O
Be7 9. Qe2 Ne4 10. Bd3 Ndf6 11. Nxe4 Bxe4 12. b3 Bxd3 13. Qxd3 O-O 14. Bb2 Nd5
15. e4 Nf4 16. Qe3 Ng6 17. Rfe1 a6 18. Rac1 h6 19. Rc2 Rc8 20. Rec1 Qd7 21. Rd2
Rfd8 22. Rcd1 Qe8 23. d5 cxd5 24. exd5 exd5 25. Rxd5 Rxd5 26. Rxd5 Bf8 27. Qd4
Qc6 28. h4 Nf4 0-1

[Event "PCR_ZK03"]
[Site "?"]
[Date "2008.??.??"]
[Round "?"]
[White "Benes, Jiri"]
[Black "Lucan, Zdenko"]
[Result "1-0"]
[WhiteElo "1982"]
[BlackElo "1575"]
[PlyCount "40"]
[EventDate "2008.??.??"]
[EventType "corr"]
[EventRounds "2"]

1. c4 Nf6 2. Nc3 e6 3. e4 d6 4. d4 c6 5. Nf3 Nbd7 6. Be2 h6 7. e5 dxe5 8. dxe5
Ng8 9. Ne4 Qa5+ 10. Bd2 Bb4 11. Nd6+ Kf8 12. Bxb4 Qxb4+ 13. Kf1 Qxb2 14. Rb1
Qxa2 15. Nxc8 Rxc8 16. Rxb7 Nc5 17. Qd6+ Ke8 18. Qxc5 Qa1+ 19. Ne1 Qa6 20. Rxa7
Qxa7 1-0

[Event "PCR_ZK03"]
[Site "?"]
[Date "2008.??.??"]
[Round "?"]
[White "Lucan, Zdenko"]
[Black "Benes, Jiri"]
[Result "0-1"]
[WhiteElo "1575"]
[BlackElo "1982"]
[PlyCount "42"]
[EventDate "2008.??.??"]
[EventType "corr"]
[EventRounds "2"]

1. d4 f5 2. Nf3 Nf6 3. g3 e6 4. Bg5 c5 5. c4 Qb6 6. b3 cxd4 7. Bxf6 Bb4+ 8.
Nfd2 gxf6 9. a3 Be7 10. Bg2 Nc6 11. Bxc6 dxc6 12. O-O e5 13. Nf3 Be6 14. Ne1 f4
15. gxf4 Bh3 16. Ng2 Rg8 17. f3 d3+ 18. e3 Qxe3+ 19. Rf2 Rxg2+ 20. Kh1 Qxf2 21.
fxe5 Rxh2# 0-1

[Event "PCR_ZK03"]
[Site "?"]
[Date "2008.??.??"]
[Round "?"]
[White "Benes, Jiri"]
[Black "Stepan, Josef"]
[Result "1-0"]
[WhiteElo "1982"]
[BlackElo "1600"]
[PlyCount "53"]
[EventDate "2008.??.??"]
[EventType "corr"]
[EventRounds "2"]

1. c4 Nf6 2. Nc3 e6 3. e4 d5 4. e5 Nfd7 5. d4 c5 6. cxd5 exd5 7. Nf3 Nc6 8. Bg5
Qa5 9. Bb5 cxd4 10. Nxd4 Bb4 11. O-O Bxc3 12. bxc3 O-O 13. Bxc6 bxc6 14. Nxc6
Qc5 15. Ne7+ Kh8 16. Re1 Nb6 17. Qd4 Qxd4 18. cxd4 h6 19. Bc1 Be6 20. f4 Rfe8
21. Ba3 Nc8 22. Nc6 Nb6 23. Bc5 Nc8 24. Reb1 Bd7 25. Nb4 Nb6 26. Bxb6 axb6 27.
Nxd5 1-0

[Event "PCR_ZK03"]
[Site "?"]
[Date "2008.??.??"]
[Round "?"]
[White "Benes, Jiri"]
[Black "Pressl, Ladislav"]
[Result "1-0"]
[WhiteElo "1982"]
[BlackElo "1901"]
[PlyCount "45"]
[EventDate "2008.??.??"]
[EventType "corr"]
[EventRounds "2"]

1. c4 Nf6 2. Nc3 g6 3. d4 Bg7 4. e4 d6 5. f4 O-O 6. Nf3 c5 7. d5 e6 8. Bd3 exd5
9. cxd5 Bg4 10. O-O Re8 11. h3 Bxf3 12. Qxf3 Nbd7 13. Be3 a6 14. Rae1 b5 15.
Bf2 b4 16. Na4 Qc7 17. b3 Qa5 18. Re2 Nb6 19. Nxb6 Qxb6 20. e5 Nd7 21. e6 fxe6
22. dxe6 Nf8 23. e7 1-0

[Event "PCR_ZK03"]
[Site "?"]
[Date "2009.??.??"]
[Round "?"]
[White "Benes, Jiri"]
[Black "Svoboda, Josef"]
[Result "1-0"]
[WhiteElo "1982"]
[BlackElo "1917"]
[PlyCount "49"]
[EventDate "2008.??.??"]
[EventType "corr"]
[EventRounds "2"]

1. c4 Nf6 2. Nc3 e5 3. g3 d5 4. cxd5 Nxd5 5. Bg2 Nb6 6. d3 Be7 7. f4 exf4 8.
Bxf4 g5 9. Be3 O-O 10. Qd2 N8d7 11. Nf3 h6 12. h4 g4 13. Nd4 h5 14. Nf5 Bc5 15.
O-O f6 16. Bxc5 Nxc5 17. Qh6 Bxf5 18. Rxf5 Ne6 19. Nd5 Ng7 20. Rxf6 Nxd5 21.
Rxf8+ Kxf8 22. Rf1+ Ke7 23. Qxg7+ Kd6 24. Bxd5 Kxd5 25. Rf5+ 1-0

[Event "PCR_ZK03"]
[Site "?"]
[Date "2008.??.??"]
[Round "?"]
[White "Lucan, Zdenko"]
[Black "Pressl, Ladislav"]
[Result "0-1"]
[WhiteElo "1575"]
[BlackElo "1901"]
[PlyCount "44"]
[EventDate "2008.??.??"]
[EventType "corr"]
[EventRounds "2"]

1. d4 Nf6 2. c4 g6 3. Nc3 Bg7 4. e3 d6 5. f3 O-O 6. d5 e5 7. e4 Na6 8. a3 c6 9.
Bg5 h6 10. Bxf6 Bxf6 11. g3 Bg7 12. b4 f5 13. Bh3 Nc7 14. b5 cxb5 15. cxb5 Nxb5
16. Nxb5 Qa5+ 17. Kf2 Qxb5 18. Rb1 Qc5+ 19. Kf1 fxe4 20. Bxc8 Raxc8 21. h3 exf3
22. Nxf3 e4 0-1

[Event "PCR_ZK03"]
[Site "?"]
[Date "2008.??.??"]
[Round "?"]
[White "Lucan, Zdenko"]
[Black "Svoboda, Josef"]
[Result "0-1"]
[WhiteElo "1575"]
[BlackElo "1917"]
[PlyCount "46"]
[EventDate "2008.??.??"]
[EventType "corr"]
[EventRounds "2"]

1. b3 e5 2. Bb2 Nc6 3. e3 d6 4. Nc3 Nf6 5. Be2 d5 6. a3 d4 7. exd4 Nxd4 8. Nf3
Bf5 9. Nxd4 exd4 10. Nb5 Bc5 11. c3 d3 12. Bf3 Qe7+ 13. Kf1 O-O-O 14. b4 Bb6
15. c4 a6 16. Bxf6 Qxf6 17. Nc3 Bd4 18. Rc1 c6 19. Bg4 Kb8 20. Bxf5 Qxf5 21. f3
Rhe8 22. Nd5 cxd5 23. c5 Re2 0-1

[Event "PCR_ZK03"]
[Site "?"]
[Date "2008.??.??"]
[Round "?"]
[White "Pressl, Ladislav"]
[Black "Stepan, Josef"]
[Result "0-1"]
[WhiteElo "1901"]
[BlackElo "1600"]
[PlyCount "76"]
[EventDate "2008.??.??"]
[EventType "corr"]
[EventRounds "2"]

1. c4 c5 2. Nc3 g6 3. g3 Bg7 4. Bg2 Nc6 5. e3 Nf6 6. Nge2 d6 7. d4 cxd4 8. exd4
Bf5 9. Qa4 Bd7 10. Qd1 O-O 11. Bg5 Qb6 12. Qd2 Rfe8 13. O-O Bf5 14. b3 e5 15.
Bxf6 Bxf6 16. Nd5 Qd8 17. Nxf6+ Qxf6 18. d5 Ne7 19. b4 Red8 20. Rac1 Rac8 21.
Rfe1 b6 22. a4 Rc7 23. Qe3 Rdc8 24. Qb3 e4 25. f3 exf3 26. Bxf3 Qe5 27. Bg2 Bg4
28. Rc2 Bxe2 29. Rcxe2 Qd4+ 30. Kh1 Nf5 31. Re4 Qf6 32. Qd3 a6 33. Bh3 b5 34.
axb5 axb5 35. Bxf5 bxc4 36. Re8+ Rxe8 37. Rxe8+ Kg7 38. Qf3 Qxf5 0-1

[Event "PCR_ZK03"]
[Site "?"]
[Date "2008.??.??"]
[Round "?"]
[White "Vins, Karel"]
[Black "Lucan, Zdenko"]
[Result "1/2-1/2"]
[WhiteElo "1654"]
[BlackElo "1575"]
[PlyCount "47"]
[EventDate "2008.??.??"]
[EventType "corr"]
[EventRounds "2"]

1. e4 c6 2. f4 d5 3. e5 Bf5 4. d4 e6 5. Bd3 Bxd3 6. Qxd3 Bb4+ 7. c3 Ba5 8. b4
Bc7 9. h4 Ne7 10. g4 Nd7 11. Be3 Nf8 12. Nf3 Qd7 13. Nbd2 g6 14. a4 f5 15. exf6
Nc8 16. g5 Nd6 17. Qe2 Nf5 18. Qf2 Nxe3 19. Qxe3 O-O-O 20. Ne5 Bxe5 21. fxe5
Qf7 22. Qe2 h6 23. Rg1 h5 24. Kf2 1/2-1/2

[Event "PCR_ZK03"]
[Site "?"]
[Date "2008.??.??"]
[Round "?"]
[White "Svoboda, Josef"]
[Black "Pressl, Ladislav"]
[Result "1-0"]
[WhiteElo "1917"]
[BlackElo "1901"]
[PlyCount "65"]
[EventDate "2008.??.??"]
[EventType "corr"]
[EventRounds "2"]

1. Nf3 Nf6 2. g3 g6 3. b3 Bg7 4. Bb2 O-O 5. Bg2 d5 6. d4 b6 7. c4 dxc4 8. bxc4
Bb7 9. O-O c5 10. e3 Nc6 11. Nbd2 Rc8 12. d5 Nb4 13. Qb3 e6 14. a3 Na6 15. e4
Re8 16. Rae1 exd5 17. exd5 Qd6 18. Qa4 Rcd8 19. Ne5 Re7 20. Nd3 Qd7 21. Bxf6
Bxf6 22. Qxd7 Rdxd7 23. h4 h6 24. Rxe7 Rxe7 25. Ne4 Bd4 26. Nd6 Ba8 27. Nb5 Rd7
28. Re1 Kf8 29. Nxd4 cxd4 30. Re4 b5 31. Ne5 Re7 32. d6 Bxe4 33. dxe7+ 1-0

[Event "PCR_ZK03"]
[Site "?"]
[Date "2008.??.??"]
[Round "?"]
[White "Pressl, Ladislav"]
[Black "Svoboda, Josef"]
[Result "1-0"]
[WhiteElo "1901"]
[BlackElo "1917"]
[PlyCount "65"]
[EventDate "2008.??.??"]
[EventType "corr"]
[EventRounds "2"]

1. e4 c5 2. Nf3 d6 3. d4 cxd4 4. Nxd4 Nf6 5. Nc3 e5 6. Bb5+ Bd7 7. Bxd7+ Qxd7
8. Nf5 Nxe4 9. Nxg7+ Bxg7 10. Nxe4 d5 11. Bh6 dxe4 12. Bxg7 Qxd1+ 13. Rxd1 Rg8
14. Bxe5 Nc6 15. Bd6 Rg6 16. c3 Rd8 17. Bg3 Rxd1+ 18. Kxd1 f5 19. Re1 Nd8 20.
Kd2 Ne6 21. Ke3 Kd7 22. Rd1+ Kc6 23. Rd6+ Kc5 24. Rd7 Rg7 25. Rxg7 Nxg7 26. Be5
Ne6 27. Bd4+ Nxd4 28. cxd4+ Kd5 29. h3 a5 30. a3 a4 31. Kf4 b5 32. Kxf5 Kxd4
33. g4 1-0

[Event "PCR_ZK03"]
[Site "?"]
[Date "2008.??.??"]
[Round "?"]
[White "Vins, Karel"]
[Black "Pressl, Ladislav"]
[Result "0-1"]
[WhiteElo "1654"]
[BlackElo "1901"]
[PlyCount "78"]
[EventDate "2008.??.??"]
[EventType "corr"]
[EventRounds "2"]

1. e4 e5 2. Nf3 Nf6 3. Nxe5 d6 4. Nf3 Nxe4 5. d4 d5 6. Bd3 Bd6 7. h3 O-O 8. Be3
Re8 9. O-O Bf5 10. c4 c6 11. Qc2 dxc4 12. Qxc4 Be6 13. Qc2 Bd5 14. Nbd2 f5 15.
Nb3 Nd7 16. Bc4 Rc8 17. Bxd5+ cxd5 18. Qd1 Nb6 19. Nbd2 f4 20. Re1 fxe3 21.
fxe3 Nc4 22. Nxc4 Rxc4 23. Rc1 Rxc1 24. Qxc1 Qa5 25. a3 Rf8 26. b4 Qb5 27. Qc2
Qa6 28. Qc1 b5 29. Qb2 Rc8 30. Rc1 Rc4 31. Ne1 Qc8 32. Rd1 Bg3 33. Nd3 Rc2 34.
Qb3 Qc4 35. Qxc4 dxc4 36. Nc5 Bf2+ 37. Kh1 Nd2 38. Ra1 Bxe3 39. a4 bxa4 0-1

[Event "PCR_ZK03"]
[Site "?"]
[Date "2008.??.??"]
[Round "?"]
[White "Vins, Karel"]
[Black "Svoboda, Josef"]
[Result "0-1"]
[WhiteElo "1654"]
[BlackElo "1917"]
[PlyCount "90"]
[EventDate "2008.??.??"]
[EventType "corr"]
[EventRounds "2"]

1. e4 e5 2. Nf3 Nf6 3. d4 exd4 4. e5 Ne4 5. Qxd4 d5 6. exd6 Nxd6 7. Nc3 Nc6 8.
Qf4 Bf5 9. Bd3 Bxd3 10. cxd3 Be7 11. O-O O-O 12. Be3 Kh8 13. Nd5 f6 14. Nxe7
Nxe7 15. Rad1 b6 16. Qa4 Nef5 17. Qc2 Re8 18. Rfe1 Nxe3 19. fxe3 c5 20. b3 Nf5
21. Qf2 Kg8 22. d4 cxd4 23. exd4 Qd5 24. Rxe8+ Rxe8 25. h3 h6 26. Rd3 Qb5 27.
Rd2 a5 28. Qf1 Qb4 29. Qc4+ Qxc4 30. bxc4 Rc8 31. Rb2 Rxc4 32. Rxb6 Nxd4 33.
Nxd4 Rxd4 34. Rb2 Kf7 35. Kf2 Ke6 36. Ke3 Ra4 37. Kd3 Kd5 38. Rb7 Ra3+ 39. Ke2
Rxa2+ 40. Kf1 g5 41. Rh7 a4 42. Rxh6 Ke5 43. Rh7 a3 44. Rb7 Rb2 45. Re7+ Kd6
0-1

[Event "PCR_ZK03"]
[Site "?"]
[Date "2008.??.??"]
[Round "?"]
[White "Lucan, Zdenko"]
[Black "Vins, Karel"]
[Result "1/2-1/2"]
[WhiteElo "1575"]
[BlackElo "1654"]
[PlyCount "49"]
[EventDate "2008.??.??"]
[EventType "corr"]
[EventRounds "2"]

1. Nf3 d5 2. b3 f6 3. Bb2 e5 4. d3 c5 5. Nbd2 Nc6 6. e3 Bd6 7. Be2 Be6 8. O-O
Nge7 9. c4 d4 10. e4 Qd7 11. Nh4 a6 12. g3 g5 13. Nf5 Nxf5 14. exf5 Bxf5 15.
Bh5+ Bg6 16. Bxg6+ hxg6 17. Ne4 Be7 18. Bc1 Qc8 19. Qf3 Qe6 20. g4 O-O-O 21. a3
Rh4 22. h3 Rdh8 23. Kg2 Nd8 24. Bd2 Qc6 25. Rh1 1/2-1/2

[Event "PCR_ZK03"]
[Site "?"]
[Date "2008.??.??"]
[Round "?"]
[White "Svoboda, Josef"]
[Black "Benes, Jiri"]
[Result "0-1"]
[WhiteElo "1917"]
[BlackElo "1982"]
[PlyCount "68"]
[EventDate "2008.??.??"]
[EventType "corr"]
[EventRounds "2"]

1. e4 e5 2. Nf3 Nc6 3. Bb5 a6 4. Ba4 Nf6 5. O-O Be7 6. Re1 b5 7. Bb3 d6 8. c3
O-O 9. h3 Na5 10. Bc2 c5 11. d4 cxd4 12. cxd4 Bb7 13. Nc3 Qc7 14. a3 Rfc8 15.
Qd3 Nc4 16. Bb3 Nd7 17. Qc2 Bf6 18. Qd1 Rab8 19. Nd5 Bxd5 20. exd5 Qb7 21. dxe5
Ndxe5 22. Rb1 Rc5 23. Nxe5 dxe5 24. Bxc4 bxc4 25. d6 Rd5 26. Qa4 Qb5 27. Qxb5
axb5 28. g4 g5 29. h4 gxh4 30. g5 Bg7 31. Re4 f5 32. Rxh4 Rd1+ 33. Kg2 f4 34.
Rh3 e4 0-1

[Event "PCR_ZK03"]
[Site "?"]
[Date "2008.??.??"]
[Round "?"]
[White "Svoboda, Josef"]
[Black "Stepan, Josef"]
[Result "0-1"]
[WhiteElo "1917"]
[BlackElo "1600"]
[PlyCount "102"]
[EventDate "2008.??.??"]
[EventType "corr"]
[EventRounds "2"]

1. d4 Nf6 2. c4 g6 3. Nc3 d5 4. Bf4 Bg7 5. e3 c5 6. Bxb8 Rxb8 7. Qa4+ Nd7 8.
Qxa7 Qb6 9. Qxb6 Nxb6 10. Nxd5 Nxd5 11. cxd5 cxd4 12. exd4 Bxd4 13. Rb1 Bf5 14.
Bb5+ Kf8 15. Rd1 Bxb2 16. Ne2 Kg7 17. Rd2 Ba3 18. O-O Rhd8 19. Ng3 Bd7 20. Bxd7
Rxd7 21. Rd3 Bd6 22. Ne4 b6 23. g3 Rbd8 24. Nxd6 Rxd6 25. Re3 Kf8 26. Rfe1 R8d7
27. Rb3 Rb7 28. Rb5 Ra7 29. Reb1 Ra5 30. Rxa5 bxa5 31. Rb5 a4 32. f4 Kg7 33.
Kf2 Ra6 34. Rb7 Kf6 35. g4 h6 36. h4 e6 37. g5+ hxg5 38. fxg5+ Kg7 39. Re7 exd5
40. Rd7 Rc6 41. Rxd5 Rc2+ 42. Kf3 Rxa2 43. Ra5 Ra1 44. Ke2 a3 45. Kd2 a2 46.
Kc3 Rc1+ 47. Kb2 a1=Q+ 48. Rxa1 Rxa1 49. Kxa1 f6 50. Kb2 fxg5 51. Kc3 gxh4 0-1

[Event "PCR_ZK03"]
[Site "?"]
[Date "2008.??.??"]
[Round "?"]
[White "Svoboda, Josef"]
[Black "Lucan, Zdenko"]
[Result "1/2-1/2"]
[WhiteElo "1917"]
[BlackElo "1575"]
[PlyCount "60"]
[EventDate "2008.??.??"]
[EventType "corr"]
[EventRounds "2"]

1. Nf3 Nf6 2. c4 g6 3. Nc3 Bg7 4. e4 d6 5. d4 Bg4 6. Be2 c6 7. h3 Bxf3 8. Bxf3
Nbd7 9. Bg4 O-O 10. O-O e5 11. dxe5 dxe5 12. Be3 h6 13. Qc1 g5 14. Rd1 Qc7 15.
Rd3 Rad8 16. Be2 b6 17. b3 Nc5 18. Bxc5 bxc5 19. Rxd8 Rxd8 20. Qe3 Nd7 21. Re1
Nf8 22. Qxc5 Ne6 23. Qe3 Qb6 24. Qg3 Nf4 25. Na4 Nxe2+ 26. Rxe2 Rd1+ 27. Kh2
Qd4 28. Qg4 Rd2 29. Qf3 Bf8 30. g3 Rxe2 1/2-1/2

[Event "PCR_ZK03"]
[Site "?"]
[Date "2008.??.??"]
[Round "?"]
[White "Stepan, Josef"]
[Black "Lucan, Zdenko"]
[Result "1-0"]
[WhiteElo "1600"]
[BlackElo "1575"]
[PlyCount "77"]
[EventDate "2008.??.??"]
[EventType "corr"]
[EventRounds "2"]

1. d4 Nf6 2. c4 e6 3. Nf3 b6 4. g3 Bb7 5. Bg2 d6 6. Nc3 a6 7. Qc2 Be7 8. O-O
Nbd7 9. e4 h6 10. Re1 c5 11. dxc5 bxc5 12. e5 dxe5 13. Nxe5 Bxg2 14. Kxg2 Nxe5
15. Rxe5 Bd6 16. Re1 O-O 17. Be3 Ng4 18. Rad1 Nxe3+ 19. Rxe3 Qe7 20. Red3 Rfe8
21. Rxd6 Red8 22. Rxd8+ Rxd8 23. Rxd8+ Qxd8 24. Ne4 Qb6 25. Qd2 Qc6 26. Qe3 f5
27. f3 fxe4 28. Qxe4 Qd6 29. Qe3 e5 30. Kf2 Qd4 31. Qxd4 exd4 32. f4 Kf7 33. b4
cxb4 34. Ke2 Ke6 35. Kd3 a5 36. Kxd4 a4 37. g4 Kd6 38. h4 Kc6 39. g5 1-0

[Event "PCR_ZK03"]
[Site "?"]
[Date "2008.??.??"]
[Round "?"]
[White "Pressl, Ladislav"]
[Black "Vins, Karel"]
[Result "1-0"]
[WhiteElo "1901"]
[BlackElo "1654"]
[PlyCount "113"]
[EventDate "2008.??.??"]
[EventType "corr"]
[EventRounds "2"]

1. e4 e5 2. Bc4 Nf6 3. Nf3 Nc6 4. d3 d5 5. exd5 Nxd5 6. Bb5 Bd6 7. O-O Bd7 8.
d4 e4 9. Re1 f5 10. c4 Nf6 11. Nc3 O-O 12. c5 Bxc5 13. Bc4+ Kh8 14. dxc5 exf3
15. Qxf3 Re8 16. Bf4 Rxe1+ 17. Rxe1 Qf8 18. Bxc7 Qxc5 19. Bb3 Re8 20. Rxe8+
Nxe8 21. Bf4 Qe7 22. Be3 a6 23. h3 Be6 24. Nd5 Qd7 25. Bc5 Bxd5 26. Bxd5 Ne5
27. Qb3 b5 28. f4 Ng6 29. g3 Nc7 30. Bf3 Qe8 31. Kf2 Nf8 32. Qc2 Nfe6 33. Qxf5
Qd8 34. Be3 Qf6 35. Qxf6 gxf6 36. f5 Ng5 37. Bxg5 fxg5 38. f6 Kg8 39. Bh5 Nd5
40. f7+ Kg7 41. Bf3 Nb4 42. a3 Nd3+ 43. Ke3 Nxb2 44. Bd5 Na4 45. Kd4 a5 46. Bc6
Kxf7 47. Bxb5 Nb2 48. Kc5 Nd1 49. Kb6 Nf2 50. h4 gxh4 51. gxh4 Ne4 52. Bd3 Nd6
53. Kxa5 h6 54. a4 Kf6 55. Kb6 Nc8+ 56. Kc7 Nd6 57. Kxd6 1-0

[Event "PCR_ZK03"]
[Site "?"]
[Date "2008.??.??"]
[Round "?"]
[White "Stepan, Josef"]
[Black "Svoboda, Josef"]
[Result "1/2-1/2"]
[WhiteElo "1600"]
[BlackElo "1917"]
[PlyCount "103"]
[EventDate "2008.??.??"]
[EventType "corr"]
[EventRounds "2"]

1. d4 d5 2. Nf3 Nf6 3. Bg5 Ne4 4. Bh4 c5 5. c3 Qb6 6. Qc2 Nc6 7. e3 Bf5 8. Bd3
c4 9. Bxe4 Bxe4 10. Qc1 Bxf3 11. gxf3 e5 12. Nd2 exd4 13. exd4 Be7 14. Bg3 O-O
15. O-O Rae8 16. f4 f5 17. Nf3 g6 18. Ne5 Rd8 19. Re1 Bf6 20. Rb1 Qa6 21. a3
Qa4 22. Re2 Rde8 23. Qc2 Qxc2 24. Rxc2 Re7 25. Re2 a6 26. Rbe1 Bg7 27. Nxc6
Rxe2 28. Rxe2 bxc6 29. Re7 Rb8 30. Re2 Bf8 31. f3 Kf7 32. Bf2 Bd6 33. Bg3 c5
34. dxc5 Bxc5+ 35. Kg2 d4 36. Bf2 dxc3 37. bxc3 Bxa3 38. Ra2 Rb3 39. Bd4 a5 40.
Kf2 a4 41. Ke2 Rb2+ 42. Rxb2 Bxb2 43. Kd2 Ba3 44. Be5 Be7 45. Kc2 Ke6 46. Kb2
a3+ 47. Ka2 Kd5 48. Bd4 Kc6 49. h3 Kb5 50. Be3 Bd6 51. Bd2 Bc5 52. Bc1 1/2-1/2

[Event "PCR_ZK03"]
[Site "?"]
[Date "2008.??.??"]
[Round "?"]
[White "Lucan, Zdenko"]
[Black "Stepan, Josef"]
[Result "0-1"]
[WhiteElo "1575"]
[BlackElo "1600"]
[PlyCount "90"]
[EventDate "2008.??.??"]
[EventType "corr"]
[EventRounds "2"]

1. Nf3 d5 2. c4 dxc4 3. Qa4+ Nd7 4. Qxc4 Nb6 5. Qc2 Nf6 6. d3 c6 7. e4 Bg4 8.
Be2 e6 9. O-O Be7 10. b3 O-O 11. Nbd2 Nbd7 12. Bb2 Qc7 13. Rfe1 Rad8 14. h3
Bxf3 15. Bxf3 e5 16. a4 Nc5 17. Re3 Ne6 18. Nc4 Bc5 19. Ree1 Nd4 20. Bxd4 Bxd4
21. Ra2 Rc8 22. g4 b5 23. axb5 cxb5 24. Na3 Qb6 25. Qe2 Rc3 26. Nc2 Rxb3 27.
Nxd4 Qxd4 28. Rd1 Rd8 29. Qe3 Qxe3 30. fxe3 Ra8 31. Kf2 a5 32. Ke2 Rc3 33. Kd2
b4 34. g5 Nd7 35. Bg4 Nc5 36. Be2 Nb3+ 37. Ke1 Nc1 38. Ra4 Rc2 39. Bf3 Ra2 40.
Rxa2 Nxa2 41. Rb1 Nc3 42. Rb2 a4 43. Rxb4 a3 44. Kd2 a2 45. Kxc3 a1=Q+ 0-1